000 00520nam a22001817a 4500
005 20241001121551.0
008 240930b |||||||| |||| 00| 0 eng d
020 _a978-93-6180-909-3
041 _aeng
082 _a615.7
100 _aRATHINAVEL, DR. G AND S, DR. SELVAKUMAR & SRINIVASAN, DR. R.
_98583
245 _aMIDICINAL CHEMISTRY - II : B.PHARMA, 5TH SEMESTER
250 _a2ND ED. 2025
260 _aLUCKNOW
_bTHAKUR PUBLICATION PVT.LTD.
300 _a208;P
650 _aPHARMACY
_xB.PHARMA
942 _cBK
999 _c8714
_d8712